00435nam a22001577a 4500999001500000003000500015020001800020038000600038082001100044100002400055245002200079260004400101300000900145942001200154952011100166 c2766d2766NUST a9788178846606 aA a302.23 aK. C. Thakur931308 aSports journalism aNew DelhibCybertech publicationsc2010 a224p cBK2ddc 00102ddc4070aCLbCLcJRNd2016-03-17l1o302.23 THApS3H-S-125r2019-01-07s2018-12-20w2016-03-17yBK